000 00558nam a2200109Ia 4500
008 171212s9999 xx 000 0 und d
245 _ceditor Craver, Charles B.
_aCan Unions Survive?
_bThe Rejuvenation of the American Labor Movement
260 _bNew York University Press
_c1995
650 _aBusiness
650 _aTrade-unions -- United States -- History; Labor movement -- United States -- History; Industrial relations -- United States -- History; Labor laws and legislation -- United States -- History
856 _uhttp://www.jstor.org/stable/j.ctt9qg6j6
999 _c351523
_d351523